| 000 | 00861nam a2200241 a 4500 | ||
|---|---|---|---|
| 001 | BRL_1684 | ||
| 005 | 20190320211325.0 | ||
| 008 | 280414s1996----mx-ao#####---#000-0#spa-# | ||
| 020 | _a9682995701 | ||
| 041 | _aspa | ||
| 044 | _amx | ||
| 050 | 4 |
_aND259.K33 _b.B74 1996 |
|
| 100 | 1 |
_aBreton, André _d1896-1966 _927628 |
|
| 245 | 1 | 0 |
_aEl arte de Frida Kahlo... es un listón alrededor de una bomba _buna mirada sobre el arte mexicano _cAndré Breton |
| 260 |
_aMéxico _bINBA _c1996 |
||
| 300 |
_a113 p. _bil. _c16 cm. |
||
| 500 | _aAu2119 | ||
| 500 | _aAtras de la portada: ´Catálogo Auspiciado por el Instituto Francés de América Latina. Servicio Cultural de la Embajada de Francia en México´ | ||
| 600 | 1 | 4 |
_aKahlo, Frida _d1907-1954 _xCrítica e interpretación _927629 |
| 650 | 1 | 4 |
_aArte mexicano _ySiglo XX _94500 |
| 902 | _aGRL | ||
| 942 |
_2lcc _cB |
||
| 999 |
_c10493 _d10493 |
||